000 00618nam a2200181Ia 4500
008 100920s9999 xx 000 0 und d
082 _b101984
_a28 व 891,43 न 08
100 _aरोहितास्व.
245 _aपढने की बारी आई.
260 _bशब्द प्रकाशन.इलहाबाद.
_c2008
300 _a32
_bसाधी
365 _b40
520 _aबा.वि.हिंदी.
630 _aपढने की बारी आई.
650 _aबा.वि.हिंदी.
730 _aपढने की बारी आई.
942 _cBOOK
999 _c742417
_d742414